| 000 | 00821nam a2200253 a 4500 | ||
|---|---|---|---|
| 001 | 21249 | ||
| 003 | BD-RjUL | ||
| 005 | 20211209000650.0 | ||
| 008 | 140403s1966 enk 000 0 eng d | ||
| 035 | _a(BD-RjUL)21313 | ||
| 040 |
_aEQO _cEQO _beng _dBD-RjUL |
||
| 041 | _aeng | ||
| 082 |
_220 _a 808.8245 _bSHV |
||
| 100 | 1 |
_aShadwell, Thomas, _d1642?-1692. _965689 |
|
| 245 | 1 | 4 |
_aThe virtuoso / _cThomas Shadwell ; edited by Marjorie Hope Nicolson and David Stuart Rodes |
| 260 |
_aLondon : _bEdward Arnold, _c1966. |
||
| 300 |
_axxvi, 153 p. ; _c21 cm |
||
| 650 |
_aEnglish drama -- 18th century. _963315 |
||
| 700 | 1 |
_aNicolson, Marjorie Hope, _d1894-1981. _965690 |
|
| 700 | 1 |
_aRodes, David Stuart. _965691 |
|
| 830 | 0 |
_aRegents restoration drama series _968771 |
|
| 942 |
_2ddc _cBK |
||
| 999 |
_c21249 _d21249 |
||